000 00474nam a2200193Ia 4500
005 20240823014507.0
008 240823s9999||||xx |||||||||||||| ||und||
020 _a81-219-0100-6
041 _aENGLISH
082 _A620.106 P4
100 _aKumar K L
245 0 _aEngineering Fluid Mechanics
250 _a7th
260 _c2004
_bS chand New D
_aNew Delhi
500 _aYES
650 _aFluid Mechanics
_bAeronautical Engineering
942 _cBK
999 _c170216
_d170216